Κατάλογος Βιβλιοθηκών Mediterranean College

Capital Markets and Institutions / A Global View (Record no. 2672)

MARC details
000 -LEADER
fixed length control field 01121cam a22001934a 4500
005 - ΗΜΕΡΟΜΗΝΙΑ ΚΑΙ ΩΡΑ ΤΕΛΕΥΤΑΙΑΣ ΕΝΗΜΕΡΩΣΗΣ
Πεδίο ελέγχου 20250605164050.0
008 - FIXED-LENGTH DATA ELEMENTS--GENERAL INFORMATION
Πεδίο ελέγχου σταθερού μήκους 250528s ||||||||||||||||||||||||d
035 ## - SYSTEM CONTROL NUMBER
System control number 17244
020 ## - ISBN
ISBN 471130494
040 ## - ΠΗΓΗ ΚΑΤΑΛΟΓΟΓΡΑΦΗΣΗΣ
Φορέας πρωτότυπης καταλογογράφησης MC Athens Campus Library
Γλώσσα καταλογογράφησης Ελληνικά, Μοντέρνα (1453-)
Modifying agency MC Athens Campus Library
Κανόνες περιγραφικής καταλογογράφησης AACR2
245 1# - ΤΙΤΛΟΣ ΚΑΙ ΔΗΛΩΣΗ ΥΠΕΥΘΥΝΟΤΗΤΑΣ
Τίτλος Capital Markets and Institutions / A Global View
260 ## - PUBLICATION, DISTRIBUTION, ETC.
Name of publisher, distributor, etc. John Wiley & Sons, Ltd,
Date of publication, distribution, etc. 1997
300 ## - PHYSICAL DESCRIPTION
Extent 780
520 ## - SUMMARY, ETC.
Summary, etc. Finance and You, Private Financial Intermediaries, The World's Central Banks and Regulatory Authorities, Monetary Policy, Regulatory Policy, Clearing and Settlement of Transactions, Computing Interest Rates and Risk Exposure, Computing Foreign Exchange Rates and Risk Exposure, Market Risk Management, The Federal Funds Markets, Repurchase Agreements, Eurocurrencies, Bankers Acceptances and Letters of Credit and Certificates of Deposit, Commercial Paper and Loan Commitments, Government Securities, Corporate Bonds, Equity, Financial Futures and Forward Contracts, Financial Options, Swaps, Mortage-Backed Securities, Glossary, Appendix, Index.
700 1# - ΠΡΟΣΘΕΤΗ ΑΝΑΓΡΑΦΗ--ΦΥΣΙΚΟ ΠΡΟΣΩΠΟ
Personal name Allen Linda
9 (RLIN) 3405
942 ## - ADDED ENTRY ELEMENTS (KOHA)
Koha item type Books
Holdings
Τύπος τεκμηρίου Βιβλιοθήκη Τρέχουσα τοποθεσία Barcode Αριθμός εισαγωγής Ημερομηνία απόκτησης Ταξιθετικό σύμβολο Αριθμός αντιτύπου Κατάσταση απόσυρσης Κατάσταση χαμένου Κατάσταση κατεστραμμένου Μη δανεισμός Σύνολο δανεισμών Ημερομηνία τελευταίας εμφάνισης Η τιμή ισχύει από
Books MC Athens Campus Library MC Athens Campus Library 9780000026712 9099 05/06/2025 332 ALL 1           05/06/2025 05/06/2025

MC Athens Campus Library
Πατησίων 94 & Κοδριγκτώνος 13, 104 34
Πελλήνης 8 & Πατησίων 107, 112 51
Τ: +30 210 8899600

MC Thessaloniki Campus Library
Ίωνος Δραγούμη 21, 54625 | Ίωνος Δραγούμη 15, 54625
Τ: +30 2310 287779 – Τ: +30 2314 440300